[Event "Camp. Brasileiro Absoluto - Final"]
[Site "Rio de Janeiro"]
[Date "2007.12.21"]
[Round "10.3"]
[White "MI Krikor Mekhitarian"]
[Black "MI Herman C.van Riemsdijk"]
[Result "1/2-1/2"]
[WhiteElo "2428"]
[BlackElo "2391"]
[PlyCount "47"]
[EventDate "2007.12.14"]
[EventType "tourn"]
[EventRounds "11"]
[EventCountry "BRA"]
[EventCategory "8"]
[SourceDate "2007.12.14"]

1. e4 c5 2. Nf3 e6 3. d4 cxd4 4. Nxd4 Nf6 5. Nc3 Nc6 6. Ndb5 Bb4 7. a3 Bxc3+ 8.
Nxc3 d5 9. exd5 exd5 10. Bd3 O-O 11. O-O d4 12. Ne2 Qd5 13. Nf4 Qd6 14. Nh5 Nd5
15. Re1 Be6 16. Ng3 f5 17. f4 g6 18. Re2 Rfe8 19. Qf1 Bf7 20. Bd2 Ne3 21. Qf2
Ng4 22. Qf1 Ne3 23. Qf2 Ng4 24. Qf1 1/2-1/2

[Event "Camp. Brasileiro Absoluto - Final"]
[Site "Rio de Janeiro"]
[Date "2007.12.21"]
[Round "10.4"]
[White "MF Jorge Bittencourt"]
[Black "GM Rafael Dualibe Leitão"]
[Result "1/2-1/2"]
[WhiteElo "2448"]
[BlackElo "2601"]
[PlyCount "67"]
[EventDate "2007.12.14"]
[EventType "tourn"]
[EventRounds "11"]
[EventCountry "BRA"]
[EventCategory "8"]
[SourceDate "2007.12.14"]

1. e4 d6 2. d4 g6 3. Nc3 Bg7 4. Be3 c6 5. Qd2 b5 6. Bd3 Nd7 7. Nf3 Qc7 8. O-O
Ngf6 9. h3 O-O 10. Ne2 c5 11. c3 e5 12. Ng3 a6 13. a4 exd4 14. cxd4 bxa4 15.
Rfc1 Bb7 16. Rxa4 Bc6 17. Ra3 Rfe8 18. d5 Bb5 19. Bb1 Nb6 20. b3 Nfd7 21. Bd4
Qd8 22. Bxg7 Kxg7 23. Nh2 h5 24. f4 Qf6 25. Nf3 c4 26. b4 Na4 27. Ne2 Qb2 28.
Qxb2+ Nxb2 29. Nc3 Rac8 30. Rf1 Nb6 31. Nd4 Nd3 32. Ndxb5 axb5 33. Nxb5 Rcd8
34. Ra6 1/2-1/2

[Event "Camp. Brasileiro Absoluto - Final"]
[Site "Rio de Janeiro"]
[Date "2007.12.21"]
[Round "10.5"]
[White "MI Everaldo Matsuura"]
[Black "Roberto Junio Brito Molina"]
[Result "1/2-1/2"]
[WhiteElo "2511"]
[BlackElo "2322"]
[PlyCount "122"]
[EventDate "2007.12.14"]
[EventType "tourn"]
[EventRounds "11"]
[EventCountry "BRA"]
[EventCategory "8"]
[SourceDate "2007.12.14"]

1. e4 c6 2. d4 d5 3. exd5 cxd5 4. c4 Nf6 5. Nc3 e6 6. Nf3 Be7 7. cxd5 Nxd5 8.
Bd3 Nc6 9. O-O O-O 10. Re1 Nf6 11. Bg5 b6 12. a3 Bb7 13. Bb1 Rc8 14. Qd3 g6 15.
Ba2 Re8 16. Rad1 Nd5 17. Nxd5 Bxg5 18. Nc3 Bf6 19. Ne4 Na5 20. d5 exd5 21. Bxd5
Kg7 22. Nxf6 Qxf6 23. Bxb7 Nxb7 24. Qd7 Rxe1+ 25. Rxe1 Qc6 26. Qe7 Qc7 27. h4
Nd8 28. g3 a5 29. Kg2 Qc6 30. Rd1 Ne6 31. Rd6 Qe4 32. Rd7 Rf8 33. Qd6 Rc8 34.
Qe5+ Qxe5 35. Nxe5 Rc7 36. Rxc7 Nxc7 37. Kf3 b5 38. Ke4 Kf6 39. Nc6 a4 40. Kd4
Ne6+ 41. Kc3 Kf5 42. f3 g5 43. hxg5 Kxg5 44. Kb4 Nc7 45. Ne5 f6 46. Nf7+ Kg6
47. Nd6 h5 48. Nxb5 f5 49. f4 Nd5+ 50. Kxa4 Nxf4 51. Nd4 Nd3 52. b4 Kf6 53. Kb5
Ke5 54. Nf3+ Kd6 55. a4 f4 56. gxf4 Nxf4 57. a5 Nd5 58. a6 Kc7 59. Nd4 h4 60.
Ne6+ Kb8 61. Ng5 Ka7 1/2-1/2

[Event "Camp. Brasileiro Absoluto - Final"]
[Site "Rio de Janeiro"]
[Date "2007.12.21"]
[Round "10.6"]
[White "GM Geovanni Vescovi"]
[Black "Roberto Calheiros Miranda"]
[Result "1-0"]
[WhiteElo "2617"]
[BlackElo "2213"]
[PlyCount "74"]
[EventDate "2007.12.14"]
[EventType "tourn"]
[EventRounds "11"]
[EventCountry "BRA"]
[EventCategory "8"]
[SourceDate "2007.12.14"]

1. d4 Nf6 2. Nf3 d5 3. c4 c6 4. e3 e6 5. Nc3 Bb4 6. Bd3 Bxc3+ 7. bxc3 O-O 8.
O-O b6 9. a4 Bb7 10. a5 Re8 11. cxd5 exd5 12. c4 Nbd7 13. a6 Bc8 14. cxd5 cxd5
15. Bb5 Re6 16. Ng5 Re8 17. Ba3 h6 18. Nh3 Nb8 19. Bxe8 Qxe8 20. Nf4 Bxa6 21.
Re1 Bc4 22. f3 Nc6 23. e4 dxe4 24. fxe4 Rd8 25. Bb2 g5 26. d5 Qe7 27. Nh5 Nxh5
28. Qxh5 Ne5 29. Qxh6 Rd6 30. Qh3 g4 31. Qh5 f6 32. Bxe5 fxe5 33. Qxg4+ Kh7 34.
Re3 Rg6 35. Rh3+ Kg7 36. Qh5 Qc5+ 37. Kh1 a5 1-0

[Event "Camp. Brasileiro Absoluto - Final"]
[Site "Rio de Janeiro"]
[Date "2007.12.22"]
[Round "11.1"]
[White "Roberto Calheiros Miranda"]
[Black "Yago Moura Santiago"]
[Result "1/2-1/2"]
[WhiteElo "2213"]
[BlackElo "2179"]
[PlyCount "41"]
[EventDate "2007.12.14"]
[EventType "tourn"]
[EventRounds "11"]
[EventCountry "BRA"]
[EventCategory "8"]
[SourceDate "2007.12.14"]

1. e4 c5 2. Nf3 d6 3. d4 cxd4 4. Nxd4 Nf6 5. Nc3 a6 6. Bg5 e6 7. f4 b5 8. e5
dxe5 9. fxe5 Qc7 10. exf6 Qe5+ 11. Be2 Qxg5 12. Qd3 Qxf6 13. Rf1 Qe5 14. Rd1
Ra7 15. Nf3 Qc7 16. Ng5 f5 17. Qd4 Qe7 18. Bh5+ g6 19. Qxh8 Qxg5 20. Bf3 Nd7
21. Rd6 1/2-1/2

[Event "Camp. Brasileiro Absoluto - Final"]
[Site "Rio de Janeiro"]
[Date "2007.12.22"]
[Round "11.2"]
[White "Roberto Junio Brito Molina"]
[Black "GM Geovanni Vescovi"]
[Result "1/2-1/2"]
[WhiteElo "2322"]
[BlackElo "2617"]
[PlyCount "61"]
[EventDate "2007.12.14"]
[EventType "tourn"]
[EventRounds "11"]
[EventCountry "BRA"]
[EventCategory "8"]
[SourceDate "2007.12.14"]

1. d4 Nf6 2. c4 e6 3. Nf3 d5 4. g3 Bb4+ 5. Bd2 Be7 6. Bg2 O-O 7. O-O c6 8. Bf4
Nbd7 9. Qc2 Nh5 10. Bc1 Nhf6 11. Bf4 Nh5 12. Bc1 Nhf6 13. Rd1 b6 14. Bf4 Bb7
15. Nc3 Rc8 16. Ne5 h6 17. e4 Bb4 18. Nxd7 Qxd7 19. e5 Ne8 20. a3 Bxc3 21. Qxc3
dxc4 22. Qxc4 Nc7 23. Rac1 Nd5 24. Bd2 c5 25. dxc5 Rxc5 26. Qg4 f5 27. exf6
Nxf6 28. Bc3 Bd5 29. Bxf6 Rxc1 30. Rxc1 Rxf6 31. Bxd5 1/2-1/2

[Event "Camp. Brasileiro Absoluto - Final"]
[Site "Rio de Janeiro"]
[Date "2007.12.22"]
[Round "11.3"]
[White "GM Rafael Dualibe Leitão"]
[Black "MI Everaldo Matsuura"]
[Result "1/2-1/2"]
[WhiteElo "2601"]
[BlackElo "2511"]
[PlyCount "63"]
[EventDate "2007.12.14"]
[EventType "tourn"]
[EventRounds "11"]
[EventCountry "BRA"]
[EventCategory "8"]
[SourceDate "2007.12.14"]

1. d4 d5 2. c4 c6 3. Nf3 Nf6 4. Nc3 e6 5. Bg5 h6 6. Bh4 g5 7. Bg3 dxc4 8. e4 b5
9. Be2 Bb7 10. h4 g4 11. Ne5 h5 12. O-O Nbd7 13. Qc2 Nxe5 14. Bxe5 Bg7 15. Bg3
Qxd4 16. Rad1 Qb6 17. b3 cxb3 18. axb3 Nd7 19. e5 Bf8 20. Ne4 Be7 21. Nd6+ Bxd6
22. Rxd6 O-O-O 23. Rfd1 Nb8 24. Rxd8+ Rxd8 25. Rxd8+ Qxd8 26. Bxb5 Qg8 27. Bd3
Nd7 28. Qd2 Qg7 29. Be4 Nc5 30. Bc2 Nd7 31. Be4 Nc5 32. Bc2 1/2-1/2

[Event "Camp. Brasileiro Absoluto - Final"]
[Site "Rio de Janeiro"]
[Date "2007.12.22"]
[Round "11.4"]
[White "MI Herman C.van Riemsdijk"]
[Black "MF Jorge Bittencourt"]
[Result "0-1"]
[WhiteElo "2391"]
[BlackElo "2448"]
[PlyCount "74"]
[EventDate "2007.12.14"]
[EventType "tourn"]
[EventRounds "11"]
[EventCountry "BRA"]
[EventCategory "8"]
[SourceDate "2007.12.14"]

1. d4 Nf6 2. c4 g6 3. Nc3 d5 4. Nf3 Bg7 5. e3 O-O 6. Be2 c5 7. dxc5 dxc4 8. O-O
Qa5 9. Qa4 Qxc5 10. Qxc4 Qxc4 11. Bxc4 Nc6 12. Bd2 Bf5 13. Rac1 Rac8 14. Be2
Rfd8 15. Rfd1 Ne4 16. Be1 Nxc3 17. Rxd8+ Nxd8 18. Bxc3 Bxc3 19. Rxc3 Rxc3 20.
bxc3 Kf8 21. Kf1 f6 22. Ke1 e5 23. Kd2 Ke7 24. c4 b6 25. Kc3 Nb7 26. Nd2 Nc5
27. f3 a5 28. Nb3 Na4+ 29. Kd2 Kd6 30. a3 g5 31. g4 Be6 32. e4 Bf7 33. Kc2 h5
34. h3 h4 35. Bf1 Be8 36. Be2 Nc5 37. Nxc5 Kxc5 0-1

[Event "Camp. Brasileiro Absoluto - Final"]
[Site "Rio de Janeiro"]
[Date "2007.12.22"]
[Round "11.6"]
[White "GM Gilberto Milos"]
[Black "MI Diego di Berardino"]
[Result "1/2-1/2"]
[WhiteElo "2592"]
[BlackElo "2430"]
[PlyCount "39"]
[EventDate "2007.12.14"]
[EventType "tourn"]
[EventRounds "11"]
[EventCountry "BRA"]
[EventCategory "8"]
[SourceDate "2007.12.14"]

1. d4 d5 2. c4 c6 3. Nc3 Nf6 4. e3 e6 5. Nf3 a6 6. Qc2 c5 7. cxd5 exd5 8. g3
Nc6 9. Bg2 cxd4 10. Nxd4 Nxd4 11. exd4 Be7 12. O-O O-O 13. Bg5 Be6 14. Qb3 b5
15. Rfd1 Qd6 16. Bf4 Qd7 17. Be5 Rfd8 18. a4 b4 19. Bxf6 Bxf6 20. Ne2 1/2-1/2